| 000 | 00824nam a2200217 4500 | ||
|---|---|---|---|
| 001 | 114490 | ||
| 003 | DR-UNIBE | ||
| 005 | 20260319134918.0 | ||
| 008 | 260319b2010 dr ||||| |||| 00| 0 spa d | ||
| 020 | _a9789945454277 | ||
| 040 |
_aBIBLIOTECA UNIBE _bspa _cBIBLIOTECA UNIBE |
||
| 041 | _aspa | ||
| 082 |
_222 _aRD 972.93054 A989s |
||
| 100 | 1 |
_aAyuso, Juan José, _d1940- _eautor _9203503 |
|
| 245 | 1 | 3 |
_aEl sargento Douglas Lucas : _brevolución constitucionalista y guerra patria de abril de 1965 / _cJuan José Ayuso |
| 260 |
_aSanto Domingo : _b[Editor no identificado], _c2010 |
||
| 300 |
_a253 páginas : _bilustraciones, mapas ; _c23 cm |
||
| 651 | 7 |
_2lemb _aRepública Dominicana _xHistoria _yRevolución de 1965 _9203504 |
|
| 651 | 7 |
_2lemb _aRepública Dominicana _xPolítica y gobierno _y1961- _916026 |
|
| 942 |
_2ddc _cBK |
||
| 999 |
_c114490 _d114490 |
||